Phát triển cộng đồng: Lý thuyết và vận dụng

Saved in:
Bibliographic Details
Main Author: Tô Duy Hợp
Format: Book
Language:Undetermined
Published: Hà Nội VHTT 2000
Subjects:
Tags: Add Tag
No Tags, Be the first to tag this record!
Institutions: Trung tâm Học liệu Trường Đại học Cần Thơ
LEADER 00563nam a2200193Ia 4500
001 CTU_39350
008 210402s9999 xx 000 0 und d
020 |b 45.000đ 
082 |a 307.14 
082 |b H466 
100 |a Tô Duy Hợp 
245 0 |a Phát triển cộng đồng: Lý thuyết và vận dụng 
245 0 |c Tô Duy Hợp 
260 |a Hà Nội 
260 |b VHTT 
260 |c 2000 
650 |a community development - social aspects 
904 |i Minh, 001110 
980 |a Trung tâm Học liệu Trường Đại học Cần Thơ